000 00594nam a2200229Ia 4500
003 OSt
005 20220928102006.0
006 a|||||r|||| 00| 0
007 ta
008 220927b |||||||| |||| 00| 0 eng d
024 _a53987
037 _cTextual
040 _aSDCL
_cSDCL
_beng
041 _2eng
_aeng
082 _aO152(S1),3N:g, N9
100 _aDhaempal
_9396093
245 0 _aBaal sahitya ke aayam.
260 _aDelhi
_bAalokprv Parkashna
_c1999
300 _a136p.
_ccm.
942 _hO152(S1),3N:g, N9
_cTEXL
_2CC
999 _c711795
_d711795